00489 2200181 4500001002100000005001500021008004100036020002200077035001900099041000700118082001000125090001600135100001900151245004100170260004200211300002300253650003100276INLIS00000000001606520241224115043241224||||||||| | ||| |||| || |  a978-979-114-144-4 0010-1224016065 aid0 a641.2 a641.2 JAM d0 aJames A Joseph00aDiet Sehat Dengan Kode Warna Makanan aJakarta Selatan.bMizan Publikac2008 a355hlm;15.5x23.5cm 0aKesejahteraan Rumah Tangga